Conjugaison - voir - Statistiques

Statistiques générales
  • Ce quiz a été pris 24 fois
    6 depuis la dernière actualisation
  • Le résultat moyen est 69 sur 96
Statistiques - réponses
Mode Temps Pronom Réponse % Correct
Indicatif Passé composé J' ai vu
100%
Indicatif Passé composé Tu as vu
100%
Indicatif Passé composé Vous avez vu
100%
Indicatif Passé composé Nous avons vu
100%
Indicatif Passé composé Il / elle / on a vu
100%
Indicatif Passé composé Ils / elles ont vu
100%
Indicatif Futur simple Il / elle / on verra
100%
Indicatif Futur simple Je verrai
100%
Indicatif Futur simple Tu verras
100%
Indicatif Futur simple Vous verrez
100%
Indicatif Futur simple Nous verrons
100%
Indicatif Futur simple Ils / elles verront
100%
Indicatif Présent Ils / elles voient
100%
Indicatif Présent Je vois
100%
Indicatif Présent Tu vois
100%
Indicatif Présent Il / elle / on voit
100%
Indicatif Imparfait Je voyais
100%
Indicatif Imparfait Tu voyais
100%
Indicatif Imparfait Il / elle / on voyait
100%
Indicatif Présent Vous voyez
100%
Indicatif Imparfait Vous voyiez
100%
Indicatif Imparfait Nous voyions
100%
Indicatif Présent Nous voyons
100%
Indicatif Passé antérieur Nous eûmes vu
83%
Indicatif Passé antérieur Ils / elles eurent vu
83%
Indicatif Passé antérieur J' eus vu
83%
Indicatif Passé antérieur Tu eus vu
83%
Indicatif Passé antérieur Vous eûtes vu
83%
Indicatif Passé antérieur Il / elle / on eut vu
83%
Indicatif Passé simple Nous vîmes
83%
Indicatif Passé simple Ils / elles virent
83%
Indicatif Passé simple Je vis
83%
Indicatif Passé simple Tu vis
83%
Indicatif Passé simple Il / elle / on vit
83%
Indicatif Passé simple Vous vîtes
83%
Indicatif Imparfait Ils / elles voyaient
83%
Conditionnel Passé Ils / elles auraient vu
67%
Conditionnel Passé J' aurais vu
67%
Conditionnel Passé Tu aurais vu
67%
Conditionnel Passé Il / elle / on aurait vu
67%
Indicatif Futur antérieur J' aurai vu
67%
Indicatif Futur antérieur Tu auras vu
67%
Indicatif Futur antérieur Il / elle / on aura vu
67%
Indicatif Futur antérieur Vous aurez vu
67%
Conditionnel Passé Vous auriez vu
67%
Conditionnel Passé Nous aurions vu
67%
Indicatif Futur antérieur Nous aurons vu
67%
Indicatif Futur antérieur Ils / elles auront vu
67%
Indicatif Plus-que-parfait Ils / elles avaient vu
67%
Indicatif Plus-que-parfait J' avais vu
67%
Indicatif Plus-que-parfait Tu avais vu
67%
Indicatif Plus-que-parfait Il / elle / on avait vu
67%
Indicatif Plus-que-parfait Vous aviez vu
67%
Indicatif Plus-que-parfait Nous avions vu
67%
Conditionnel Présent Ils / elles verraient
67%
Conditionnel Présent Je verrais
67%
Conditionnel Présent Tu verrais
67%
Conditionnel Présent Il / elle / on verrait
67%
Conditionnel Présent Vous verriez
67%
Conditionnel Présent Nous verrions
67%
Impératif Présent (tu) vois
67%
Participe Présent - voyant
67%
Impératif Présent (vous) voyez
67%
Impératif Présent (nous) voyons
67%
Participe Passé - vu
67%
Subjonctif Passé Qu'ils / qu'elles aient vu
50%
Subjonctif Passé Que tu aies vu
50%
Subjonctif Passé Que j' aie vu
50%
Subjonctif Passé Qu'il / qu'elle / qu'on ait vu
50%
Infinitif Passé - avoir vu
50%
Participe Passé - ayant vu
50%
Subjonctif Passé Que vous ayez vu
50%
Impératif Passé (vous) ayez vu
50%
Subjonctif Passé Que nous ayons vu
50%
Impératif Passé (nous) ayons vu
50%
Gérondif Passé - en ayant vu
50%
Gérondif Présent - en voyant
50%
Subjonctif Plus-que-parfait Qu'ils / qu'elles eussent vu
50%
Subjonctif Plus-que-parfait Que tu eusses vu
50%
Subjonctif Plus-que-parfait Que j' eusse vu
50%
Subjonctif Plus-que-parfait Que vous eussiez vu
50%
Subjonctif Plus-que-parfait Que nous eussions vu
50%
Subjonctif Plus-que-parfait Qu'il / qu'elle / qu'on eût vu
50%
Subjonctif Imparfait Que je visse
50%
Subjonctif Imparfait Qu'ils / qu'elles vissent
50%
Subjonctif Imparfait Que tu visses
50%
Subjonctif Imparfait Que vous vissiez
50%
Subjonctif Imparfait Que nous vissions
50%
Subjonctif Imparfait Qu'il / qu'elle / qu'on vît
50%
Subjonctif Présent Que je voie
50%
Subjonctif Présent Qu'il / qu'elle / qu'on voie
50%
Subjonctif Présent Qu'ils / qu'elles voient
50%
Subjonctif Présent Que tu voies
50%
Infinitif Présent - voir
50%
Subjonctif Présent Que vous voyiez
50%
Subjonctif Présent Que nous voyions
50%
Aucun quiz correspondant
Distribution des résultats
% des personnes avec chaque résultat
Percentile par nombre de réponses
Votre historique - résultats
Vous n’avez pas pris ce quiz depuis la dernière actualisation